Представление документа в формате RUSMARC

ПолеНазваниеЗначение
  Тип записи c
  Библиографический уровень m
001 Контрольный номер RU/УОНБ/EK_N/622126841
005 Дата корректировки 20240130235156.4
100 Данные общей обработки __
a Данные общей обработки 20190918d2000 u y0rusy0189||||ca
101 Язык документа 0_
a Язык текста rus
f Язык титульного листа rus
f Язык титульного листа eng
f Язык титульного листа ger
102 Страна публикации __
a Страна публикации RU
105 Кодированные данные (монография) __
a Кодированные данные (монография) y###||||000|y
200 Заглавие и сведения об ответственности 1_
a Заглавие Антология русской и восточно-славянской духовной музыки
b Общее обозначение материала Ноты
d Параллельное заглавие Anthology of Russian and East-Slavonic Sacred Music
d Параллельное заглавие Anthologie der russischen und ostslawischen geistlichen Musik
e Сведения, относящиеся к заглавию в 13 т.
f Первые сведения об ответственности сост. антологии В. Копылова
g Последующие сведения об ответственности По благословению Его Высокопреосвященства, Митрополита Санкт-Петербургского и Ладожского Владимира. Центр старинной музыки "Россика"
z Язык параллельного заглавия eng
z Язык параллельного заглавия ger
210 Выходные данные 1_
a Место издания СПб.
c Издательство Музыка
d Дата издания 2000 -
215 Физическое описание __
d Формат 29 см
512 Заглавие обложки 1_
a Заглавие обложки Антология русской и восточно-славянской духовной музыки
686 Индексы других классификаций __
a Классификационный индекс 85
2 Код системы rubbk
702 Вторичная интеллектуальная ответственность _1
a Фамилия Копылова
b Имя (инициалы) В.
4 Код отношения 220
702 Вторичная интеллектуальная ответственность _1
a Фамилия По благословению Его Высокопреосвященства, Митрополита Санкт-Петербурского и Ладожского Владимира. Центр Старинной Музыки "Россика"
801 Источник записи _0
a Страна RU
b Организация Ульяновская ОНБ
c Дата составления 20190918
g Правила каталогизации RCR
801 Источник записи _1
a Страна RU
b Организация Ульяновская ОНБ
c Дата составления 20190918
g Правила каталогизации RCR
901 Тип документа __
t Тип документа v
909 Создатель записи __
a Создатель записи Лобина Л. И.
938 Служебная информация __
a Имя БД noti
b Имя библиотеки УОНБ
c Имя АИБС МАРК-SQL
d Номер DOC_ID в БД 21181